Techniques of drowing rambutan in kampot province បច្ចេកទេសដាំដុះសាវម៉ាវនៅខេត្តកំពត (Record no. 416)
[ view plain ]
| 000 -LEADER | |
|---|---|
| fixed length control field | 00467nam a22001457a 4500 |
| 003 - CONTROL NUMBER IDENTIFIER | |
| control field | OSt |
| 005 - DATE AND TIME OF LATEST TRANSACTION | |
| control field | 20150914102325.0 |
| 008 - FIXED-LENGTH DATA ELEMENTS--GENERAL INFORMATION | |
| fixed length control field | 150914b xxu||||| |||| 00| 0 eng d |
| 040 ## - CATALOGING SOURCE | |
| Transcribing agency | RUA |
| 082 ## - DEWEY DECIMAL CLASSIFICATION NUMBER | |
| Classification number | AGR HEN 2001 BO23 Or.1 |
| 100 ## - MAIN ENTRY--PERSONAL NAME | |
| 9 (RLIN) | 438 |
| Personal name | HENG, VUTHY. |
| 245 ## - TITLE STATEMENT | |
| Title | Techniques of drowing rambutan in kampot province បច្ចេកទេសដាំដុះសាវម៉ាវនៅខេត្តកំពត |
| 300 ## - PHYSICAL DESCRIPTION | |
| Extent | 49p. |
| Other physical details | ill. |
| Dimensions | 29cm. |
| 942 ## - ADDED ENTRY ELEMENTS (KOHA) | |
| Source of classification or shelving scheme | |
| Koha item type | AGR |
| Price effective from | Date last seen | Permanent Location | Not for loan | Date acquired | Source of classification or shelving scheme | Koha item type | Lost status | Withdrawn status | Total Renewals | Date last checked out | Total Checkouts | Damaged status | Barcode | Checked out | Current Location | Full call number |
|---|---|---|---|---|---|---|---|---|---|---|---|---|---|---|---|---|
| 2015-09-14 | 2017-02-09 | Library Block B | 2015-09-14 | AGR | 2 | 2017-01-13 | 5 | RUA002940 | Library Block B | AGR HEN 2001 BO23 Or.1 | ||||||
| 2015-09-14 | 2016-08-12 | Library Block B | 2015-09-14 | AGR | 5 | 2016-07-06 | 5 | RUA002358 | Library Block B | AGR HEN 2001 BO23 Or.2 | ||||||
| 2015-10-04 | 2016-10-11 | Library Block B | 2015-10-04 | AGR | 2 | 2016-10-11 | 3 | RUA009219 | 2016-11-08 | Library Block B | AGR HEN 2001 BO23 Or.3 |